Bijak tajwid : cara mudah mempelajari ilmu tajwid
| Format: | Book |
|---|---|
| Published: |
Kuala Lumpur :
Inteam Publishing Sdn. Bhd. ,
2015
|
| Subjects: |
MARC
| LEADER | 00000cam a2200000 7i4500 | ||
|---|---|---|---|
| 001 | 0000200040 | ||
| 005 | 20151231.0 | ||
| 020 | |a 9789670326009 | ||
| 090 | 0 | 0 | |a 297.3822 |b BIJ |
| 245 | 0 | 0 | |a Bijak tajwid : |b cara mudah mempelajari ilmu tajwid |
| 260 | |a Kuala Lumpur : |b Inteam Publishing Sdn. Bhd. , |c 2015 | ||
| 300 | |a 77p. ; |c 24cm +. |e 1dvd | ||
| 650 | 0 | |a Quran |x Readings | |
| 999 | |a 00314779 |b BUKU |c PINJAMAN |e PERPUSTAKAAN KOMUNITI PETALING JAYA | ||